Presupuesto general de ingresos y egresos de la República por programas: 1976
Presupuesto general de ingresos y egresos de la República de Nicaragia para el año 1976.Informa sobre los recursos de que dispondra la hacienda pública en el ejercicio económico de 1976, y sobre las asignaciones de los distintos programas distribuidos en las ramas administrativas. Señala que para el...
Sparad:
| Institutionell upphovsman: | |
|---|---|
| Materialtyp: | Text |
| Publicerad: |
Managua:
Ministerio de Hacienda y Crédito Público
|
| Ämnen: | |
| Taggar: |
Lägg till en tagg
Inga taggar, Lägg till första taggen!
|
MARC
| LEADER | 00000 a a2200000 04500 | ||
|---|---|---|---|
| 001 | 19988 | ||
| 003 | |||
| 040 | |||
| 090 | |a 081600 | ||
| 110 | |a Nicaragua. Ministerio de Hacienda y Crédito Público. Dirección General del Presupuesto | ||
| 245 | |a Presupuesto general de ingresos y egresos de la República por programas: 1976 | ||
| 260 | |a Managua: |b Ministerio de Hacienda y Crédito Público | ||
| 300 | |a 591 p. | ||
| 520 | |a Presupuesto general de ingresos y egresos de la República de Nicaragia para el año 1976.Informa sobre los recursos de que dispondra la hacienda pública en el ejercicio económico de 1976, y sobre las asignaciones de los distintos programas distribuidos en las ramas administrativas. Señala que para el año 1976 se procura ejecutar nuevos programas agropecuarios e industriales para aumentar la producción exportable, y que se tiene como objetivo básico la atención a los servicios educativos y de salud pública./ACM | ||
| 650 | |a PRESUPUESTO NACIONAL | ||
| 650 | |a INGRESOS FISCALES | ||
| 650 | |a GASTOS PUBLICOS | ||
| 999 | |c 8318 |d 8318 | ||
